| 000 -LEADER |
| fixed length control field |
00750nam a2200205Ia 4500 |
| 001 - CONTROL NUMBER |
| control field |
16047 |
| 003 - CONTROL NUMBER IDENTIFIER |
| control field |
GE_BSU |
| 008 - FIXED-LENGTH DATA ELEMENTS--GENERAL INFORMATION |
| fixed length control field |
181216s||||||||xx |||||||||||||| ||und|| |
| 040 ## - CATALOGING SOURCE |
| Transcribing agency |
GE_BSU |
| 080 ## - UNIVERSAL DECIMAL CLASSIFICATION NUMBER |
| Universal Decimal Classification number |
821.353.1.09 |
| 100 ## - MAIN ENTRY--PERSONAL NAME |
| Personal name |
ჩხეიძე, ნოდარ |
| 245 ## - TITLE STATEMENT |
| Title |
ლიტერატურული წერილები |
| 245 ## - TITLE STATEMENT |
| Statement of responsibility, etc. |
წინასიტყვ. კ. იმედაშვილისა.რედ.ლ.ფოფხაძე. მხ. მ.ოსიტაშვილი |
| 260 ## - PUBLICATION, DISTRIBUTION, ETC. |
| Place of publication, distribution, etc. |
თბილისი |
| 260 ## - PUBLICATION, DISTRIBUTION, ETC. |
| Name of publisher, distributor, etc. |
საბჭ. საქართველო |
| 260 ## - PUBLICATION, DISTRIBUTION, ETC. |
| Date of publication, distribution, etc. |
1969 |
| 300 ## - PHYSICAL DESCRIPTION |
| Extent |
258გვ. ; 21სმ. |
| 653 ## - INDEX TERM--UNCONTROLLED |
| Uncontrolled term |
ლიტერატურული წერილები |
| 942 ## - ADDED ENTRY ELEMENTS (KOHA) |
| Koha item type |
წიგნი |